Fast Typing 1 To 100 In Order - Statistics

General Stats
  • This quiz has been taken 36 times
  • The average score is 90 of 100
Answer Stats
Number % Correct
1
100%
10
100%
11
100%
12
100%
13
100%
14
100%
15
100%
16
100%
17
100%
18
100%
19
100%
2
100%
20
100%
21
100%
22
100%
23
100%
24
100%
25
100%
26
100%
27
100%
28
100%
29
100%
3
100%
30
100%
31
100%
32
100%
33
100%
34
100%
35
100%
4
100%
5
100%
6
100%
7
100%
8
100%
9
100%
36
95%
37
95%
38
95%
39
90%
40
90%
41
90%
42
90%
43
90%
44
90%
45
90%
46
90%
47
90%
48
90%
49
90%
50
90%
51
90%
52
90%
53
90%
54
90%
55
90%
56
90%
57
90%
58
90%
59
90%
60
90%
61
90%
62
90%
63
90%
64
90%
65
90%
66
90%
67
90%
68
90%
69
90%
70
86%
71
86%
72
86%
73
86%
74
86%
75
86%
76
86%
77
86%
78
86%
79
86%
80
81%
81
81%
82
81%
83
76%
84
76%
100
71%
85
71%
86
71%
87
71%
88
71%
89
71%
90
71%
91
71%
92
71%
93
71%
94
71%
95
71%
96
71%
97
71%
98
71%
99
71%
No matching quizzes found
Score Distribution
Percent of People with Each Score
Percentile by Number Answered
Your Score History
You have not taken this quiz